Entry Personal Name
Number of records used in: 1
001 - CONTROL NUMBER
003 - CONTROL NUMBER IDENTIFIER
005 - DATE AND TIME OF LATEST TRANSACTION
- control field:
20210403104258.0
008 - FIXED-LENGTH DATA ELEMENTS
- fixed length control field:
800509n| azannaabn |a aaa
010 ## - LIBRARY OF CONGRESS CONTROL NUMBER
- LC control number:
n 50021749
035 ## - SYSTEM CONTROL NUMBER
- System control number:
(CaEvSKY)skya1143613
035 ## - SYSTEM CONTROL NUMBER
- System control number:
(OCoLC)oca00057169
040 ## - CATALOGING SOURCE
- Original cataloging agency:
DLC
- Language of cataloging:
eng
- Description conventions:
rda
- Transcribing agency:
DLC
- Modifying agency:
OCUCA
- Modifying agency:
MX-MoT
- Modifying agency:
OkU
046 ## - SPECIAL CODED DATES
- Birth date:
1908-12-19
- Death date:
2001-05-04
- Source of date scheme:
edtf
100 1# - HEADING--PERSONAL NAME
- Personal name:
Anastasi, Anne,
- Dates associated with a name:
1908-2001
370 ## - ASSOCIATED PLACE
- Place of birth:
New York (N.Y.)
- Source of term:
naf
373 ## - ASSOCIATED GROUP
- Associated group:
Columbia University
- Source of term:
naf
375 ## - GENDER
- Gender:
Females
- Source of term:
lcdgt
377 ## - ASSOCIATED LANGUAGE
400 1# - SEE FROM TRACING--PERSONAL NAME
- Personal name:
Foley, Anne,
- Dates associated with a name:
1908-2001
670 ## - SOURCE DATA FOUND
- Source citation:
Her A group factor in immediate memory, 1930.
670 ## - SOURCE DATA FOUND
- Source citation:
WWWA:
- Information found:
v. 14 2000-2002 (Anastasi, Anne (Mrs. John Porter Foley, Jr.); psychologist, educator; b. N.Y.C., Dec. 19, 1908; PhD Columbia Univ. 1930; d. May 4, 2001)